The Eucharist as the Center of Theology : (Record no. 603980)

MARC details
000 -LEADER
fixed length control field 00510nam a2200193 a 4500
008 - FIXED-LENGTH DATA ELEMENTS--GENERAL INFORMATION
fixed length control field 251218s2005##################000#0#eng##
020 ## - INTERNATIONAL STANDARD BOOK NUMBER
ISBN 9780820474977
082 04 - DEWEY DECIMAL CLASSIFICATION NUMBER
Classification number 234.163
Item number NIC
100 1# - MAIN ENTRY--AUTHOR NAME
Personal name Nicholas, Richard A.,
245 10 - TITLE STATEMENT
Title The Eucharist as the Center of Theology :
260 ## - PUBLICATION, DISTRIBUTION, ETC. (IMPRINT)
Name of publisher Peter Lang,
Year of publication 2005.
300 ## - PHYSICAL DESCRIPTION
Number of Pages 384 pages
650 #0 - SUBJECT ADDED ENTRY--TOPICAL TERM
Topical Term Religion.
942 ## - ADDED ENTRY ELEMENTS (KOHA)
Koha item type English Books
Holdings
Withdrawn status Lost status Damaged status Not for loan Home library Current library Shelving location Date acquired Full call number Accession Number Price effective from Koha item type
        Anna Centenary Library Anna Centenary Library 3RD FLOOR, B WING 22.12.2025 234.163 NIC 217995 22.12.2025 English Books

Find us on the map